000 01214nam a2200229Ia 4500
003 Ost
005 20260507075556.0
008 260507s9999||||xx |||||||||||||| ||und||
040 _cfsecg
041 _aara
082 _a330
100 _aعمارة، محمد محمد جاب الله
_eمؤلف
245 0 _aادارة المؤسسات :
_bمن الكتابات النظرية الى الممارسات الميدانية /
_c محمد محمد جاب الله عمارة
260 _aالقاهرة:
_bدار الطباعة الحرة,
_c2005
300 _a406 صفحة؛
_bإيضاحات ؛
_c24 سم
504 _aمراجع ص.341 , ملاحق ص.353
520 _aابعاد ادارة الموارد البشريةو كذا التخطيط لادارة الموارد البشرية اضافة الى الاخصائي الاجتماعي كاداري و ادارة الهيئات الحكومية و الاهلية و الرقابة الادارية و الاتجاهات الحديثة في الادارة
653 _aادارة المؤسسات
653 _aادارة الموارد البشرية
700 _aسالم، محمد نبيل سعد
_eمؤلف ثانوي
942 _cكتاب
999 _c44960
_d44960